『千鳥の鬼レンチャン』未陥落レベル10 - Statistics

General Stats
  • This quiz has been taken 19 times
  • The average score is 10 of 28
Answer Stats
Hint Answer % Correct
UNISON SQUARE GARDEN シュガーソングとビターステップ
86%
WANIMA ともに
79%
Mrs. GREEN APPLE Soranji
71%
女王蜂 メフィスト
64%
Official髭男dism Cry Baby
64%
米津玄師 LOSER
57%
Mrs. GREEN APPLE ダンスホール
43%
yama 色彩
43%
MAISONdes feat. 花譜, ツミキ トウキョウ・シャンディ・ランデヴ
43%
yama 春を告げる
43%
Mrs. GREEN APPLE 僕のこと
36%
ずっと真夜中でいいのに。 残機
36%
放課後ティータイム GO! GO! MANIAC
36%
Official髭男dism Subtitle
36%
初音ミク 命に嫌われている。
29%
椎名林檎 歌舞伎町の女王
29%
ポルカドットスティングレイ テレキャスター・ストライプ
29%
ウマ娘 ユメヲカケル!
29%
Beyoncé Listen
21%
ずっと真夜中でいいのに。 嘘じゃない
14%
YOASOBI 三原色
14%
広瀬香美 ドラマティックに恋して
14%
Ado クラクラ
7%
椎名林檎 人生は夢だらけ
7%
Tori Kelly Don't You Worry ’Bout A Thing
7%
Minnie Riperton Lovin' You
7%
Mariah Carey My All
7%
Whitney Houston Run To You
7%
No matching quizzes found
Score Distribution
Percent of People with Each Score
Percentile by Number Answered
Your Score History
You have not taken this quiz